Copa América Champions - Sudden Death - Statistics

General Stats
  • This quiz has been taken 291 times
  • The average score is 5 of 8
Answers on the Grid
Answers color-coded by a green-red scale on the quiz's grid according to % correct below.
Argentina
Bolivia
Brazil
Canada
Chile
Colombia
Costa Rica
Ecuador
Guinea
Honduras
Jamaica
Japan
Mexico
Panama
Paraguay
Peru
Suriname
United States
Uruguay
Venezuela
 
Answer Stats
Answer % Correct
Argentina
96%
Brazil
92%
Chile
80%
Colombia
70%
Uruguay
65%
Bolivia
44%
Paraguay
42%
Peru
41%
No matching quizzes found
Score Distribution
Percent of People with Each Score
Percentile by Number Answered
Your Score History
You have not taken this quiz